Serbia True or False? - Statistics

General Stats
  • This quiz has been taken 269 times
  • The average score is 12 of 15
Answer Stats
Question Answer % Correct
Novak Djokovic was born in Serbia True
98%
Joseph Stalin was born in the modern-day territory of Serbia False
96%
Serbia is a landlocked country True
96%
Serbia forms part of the Balkan Peninsula True
96%
Serbia has territory on the Danube River True
87%
Serbia shares borders with eight other countries True
87%
Serbia is a republic True
85%
Serbia is the one of the world's largest exporters of raspberries True
80%
Serbia has less than 10 million inhabitants True
76%
The Serbian coat of arms is displayed on the national flag True
74%
Derdap Gorge in Serbia is the largest gorge on the planet False
72%
The modern country of Serbia gained independence from Yugoslavia in 1991 False
65%
Other than with Kosovo, Serbia has no territorial disputes False
65%
Famous inventor, Nikola Tesla, was born in modern-day Serbia False
65%
According to Lonely Planet, Belgrade has the best nightlife of any city in the world True
65%
No matching quizzes found
Score Distribution
Percent of People with Each Score
Percentile by Number Answered
Your Score History
You have not taken this quiz